<?xml version="1.0" encoding="UTF-8"?>
<record
    xmlns:xsi="http://www.w3.org/2001/XMLSchema-instance"
    xsi:schemaLocation="http://www.loc.gov/MARC21/slim http://www.loc.gov/standards/marcxml/schema/MARC21slim.xsd"
    xmlns="http://www.loc.gov/MARC21/slim">

  <leader>03045nam a2200553Ia 4500</leader>
  <controlfield tag="001">1648</controlfield>
  <controlfield tag="008">241029s9999    xx            000 0 und d</controlfield>
  <datafield tag="010" ind1=" " ind2=" ">
    <subfield code="a">1541</subfield>
  </datafield>
  <datafield tag="041" ind1=" " ind2=" ">
    <subfield code="a">Espa&#xF1;ol</subfield>
  </datafield>
  <datafield tag="082" ind1=" " ind2=" ">
    <subfield code="a">NO APLICA</subfield>
  </datafield>
  <datafield tag="245" ind1=" " ind2="0">
    <subfield code="a">Disponibilidad de recursos TIC y su integraci&#xF3;n en la pr&#xE1;ctica docente de cuatro (4) liceos del Distrito Educativo 16-04.</subfield>
  </datafield>
  <datafield tag="260" ind1=" " ind2=" ">
    <subfield code="a">Monse&#xF1;or Nouel</subfield>
  </datafield>
  <datafield tag="300" ind1=" " ind2=" ">
    <subfield code="a">108</subfield>
  </datafield>
  <datafield tag="520" ind1=" " ind2=" ">
    <subfield code="a">7</subfield>
  </datafield>
  <datafield tag="630" ind1=" " ind2=" ">
    <subfield code="a">Gesti&#xF3;n</subfield>
  </datafield>
  <datafield tag="630" ind1=" " ind2=" ">
    <subfield code="a">Nivel Medio</subfield>
  </datafield>
  <datafield tag="630" ind1=" " ind2=" ">
    <subfield code="a">Pr&#xE1;ctica Docente</subfield>
  </datafield>
  <datafield tag="650" ind1=" " ind2=" ">
    <subfield code="a">Administraci&#xF3;n de la Educaci&#xF3;n</subfield>
  </datafield>
  <datafield tag="690" ind1=" " ind2=" ">
    <subfield code="a">Copiado sin cambios</subfield>
  </datafield>
  <datafield tag="700" ind1=" " ind2=" ">
    <subfield code="e">asesor</subfield>
    <subfield code="a">Suero, Alfa</subfield>
  </datafield>
  <datafield tag="700" ind1=" " ind2=" ">
    <subfield code="e">autor</subfield>
    <subfield code="a">Polanco Ben&#xED;tez, Maritza Altagracia </subfield>
  </datafield>
  <datafield tag="700" ind1=" " ind2=" ">
    <subfield code="e">autor</subfield>
    <subfield code="a">Guzm&#xE1;n Medina, Pura Del Carmen</subfield>
  </datafield>
  <datafield tag="901" ind1=" " ind2=" ">
    <subfield code="a">{"1":"Polanco Ben&#xED;tez","2":"Guzm&#xE1;n Medina"}</subfield>
    <subfield code="b">{"1":"Maritza Altagracia ","2":"Pura Del Carmen"}</subfield>
  </datafield>
  <datafield tag="902" ind1=" " ind2=" ">
    <subfield code="a">1</subfield>
  </datafield>
  <datafield tag="903" ind1=" " ind2=" ">
    <subfield code="a">{"1":"Suero"}</subfield>
    <subfield code="b">{"1":"Alfa"}</subfield>
  </datafield>
  <datafield tag="904" ind1=" " ind2=" ">
    <subfield code="a">Maestr&#xED;a en</subfield>
  </datafield>
  <datafield tag="905" ind1=" " ind2=" ">
    <subfield code="a">Gesti&#xF3;n de Centros Educativos</subfield>
  </datafield>
  <datafield tag="906" ind1=" " ind2=" ">
    <subfield code="a">2</subfield>
  </datafield>
  <datafield tag="907" ind1=" " ind2=" ">
    <subfield code="a">NO APLICA</subfield>
  </datafield>
  <datafield tag="908" ind1=" " ind2=" ">
    <subfield code="a">NO APLICA</subfield>
  </datafield>
  <datafield tag="909" ind1=" " ind2=" ">
    <subfield code="a">Universidad Adventista Dominicana (UNAD)</subfield>
  </datafield>
  <datafield tag="910" ind1=" " ind2=" ">
    <subfield code="a">NULL</subfield>
    <subfield code="b">NULL</subfield>
  </datafield>
  <datafield tag="911" ind1=" " ind2=" ">
    <subfield code="a">["1"]</subfield>
  </datafield>
  <datafield tag="912" ind1=" " ind2=" ">
    <subfield code="a">NO APLICA</subfield>
  </datafield>
  <datafield tag="913" ind1=" " ind2=" ">
    <subfield code="a">NULL</subfield>
  </datafield>
  <datafield tag="914" ind1=" " ind2=" ">
    <subfield code="a">01 de Febrero de 2008</subfield>
  </datafield>
  <datafield tag="915" ind1=" " ind2=" ">
    <subfield code="a">05/12/19 12:12</subfield>
  </datafield>
  <datafield tag="916" ind1=" " ind2=" ">
    <subfield code="a">NULL</subfield>
  </datafield>
  <datafield tag="917" ind1=" " ind2=" ">
    <subfield code="a">NULL</subfield>
  </datafield>
  <datafield tag="918" ind1=" " ind2=" ">
    <subfield code="a">NO APLICA</subfield>
  </datafield>
  <datafield tag="919" ind1=" " ind2=" ">
    <subfield code="a">["111","240","162"]</subfield>
  </datafield>
  <datafield tag="520" ind1=" " ind2=" ">
    <subfield code="a">En la presente investigaci&#xF3;n se analiz&#xF3; la disponibilidad de los recursos TIC y su integraci&#xF3;n en la pr&#xE1;ctica docente, en cuatro (4) liceos del Distrito Educativo 16-04, en el a&#xF1;o lectivo 2007-2008. Se aplicaron instrumentos para el levantamiento de datos a los docentes (n=72), estudiantes (n=72) y directores (n=4) de dichos Centros Educativos, los cuales fueron seleccionados por disponibilidad.El objetivo general de la investigaci&#xF3;n fue investigar c&#xF3;mo afecta la disponibilidad de los recursos TIC, su integraci&#xF3;n en la pr&#xE1;ctica docente, en los Liceos Dr. El&#xED;as Rodr&#xED;guez, Francisco Antonio Batista Garc&#xED;a, Pedro Antonio Bobea y Caracol A del Distrito Educativo 16-04 del Municipio de Bonao. Los resultados principales son:Tanto los directores como los docentes y los estudiantes se&#xF1;alan que sus Centros Educativos cuentan con equipamiento adecuado para integrar TIC en el aprendizaje, pero esas condiciones necesitan ser mejoradas. Los maestros muestran inter&#xE9;s en la integraci&#xF3;n de las TIC en las actividades. Los grupos encuestados reconocen que ya se est&#xE1;n viendo resultados de la integraci&#xF3;n de las TIC en la ense&#xF1;anza. Los estudiantes opinan que cuando sus maestros integran TIC en las clases, estas son m&#xE1;s interesantes, se aprende mejor y el tiempo transcurre m&#xE1;s de prisa.Finalmente, la investigaci&#xF3;n concluye, que se debe continuar gestionando recursos para lograr un mejor impacto de las TIC en la ense&#xF1;anza. Esa gesti&#xF3;n abarca tanto los equipos y materiales como los espacios y el personal.</subfield>
  </datafield>
  <datafield tag="921" ind1=" " ind2=" ">
    <subfield code="a">28</subfield>
  </datafield>
  <datafield tag="922" ind1=" " ind2=" ">
    <subfield code="a">28</subfield>
  </datafield>
  <datafield tag="923" ind1=" " ind2=" ">
    <subfield code="a">0</subfield>
  </datafield>
  <datafield tag="924" ind1=" " ind2=" ">
    <subfield code="a">NO APLICA</subfield>
  </datafield>
  <datafield tag="942" ind1=" " ind2=" ">
    <subfield code="c">Tesis</subfield>
  </datafield>
  <datafield tag="999" ind1=" " ind2=" ">
    <subfield code="c">1541</subfield>
    <subfield code="d">1541</subfield>
  </datafield>
</record>
